• 首页
  • 本馆介绍
  • 公告通知
  • 最新文献
  • 馆藏检索
  • 电子资源
  • 读者导购
  • 参考咨询
  • 我的图书馆
  • 登录
  • 详细信息显示
  • 放入我的书架
  • 预约/预借图书
  • 作者相关作品
  • 分类相关作品
  • 丛书相关作品
  • 出版社相关作品

书目信息

  • 表格格式
  • 工作单格式
  • 卡片格式
题名:
球面天文学和天体力学引论
    
 
作者: 丹容 , Danjon 著 ;李珩 译
分册:  
出版信息: 北京   科学出版社  1980
页数: 487页
开本: 25cm
丛书名:
单 册:
中图分类: P121
科图分类:
主题词: 球面天文学 , 天体力学
电子资源:
ISBN:
000 00946nam0 2200301 45
001 0180005326
005 20040520165953.9
010    @dCNY4.75
091    @a13031.1362
100    @a19950323d1980 emky0chiy0121 ea
101 1  @achi@cfre
102    @aCN@b110000
105    @ay z 000yy
106    @ar
200 10 @a球面天文学和天体力学引论@Aqiu mian tian wen xue he tian ti li xue yin lun@f(法)丹容(A.Danjon)著@g李珩译
210    @a北京@c科学出版社@d1980
215    @a487页@d25cm
300    @a书名原文:Astronomie Generale Astronmie spherique et Eiements de Mecanique Celeste
510 1  @aAstronomie Generale Astronmie spherique et Eiements de Mecanique Celeste@zfre
606    @a球面天文学
606    @a天体力学
690    @aP121@v3
701  1 @a丹容@Adan rong@4著
701 A1 @aDanjon@bA.@4著
702  0 @a李珩@Ali heng@4译
801  0 @aCN@b上海图书馆@c20040520
801  2 @aCN@bNLC@c20040520
905    @f1@b34639@dP121@e1
    
    球面天文学和天体力学引论/(法)丹容(A.Danjon)著/李珩译.-北京:科学出版社,1980
    487页;25cm
    书名原文:Astronomie Generale Astronmie spherique et Eiements de Mecanique Celeste
    
    ISBN :CNY4.75
    
●
相关链接 在E读中查询图书 在五车中查询图书 在当当中查询图书 在豆瓣中查询图书


正题名:球面天文学和天体力学引论     索取号:P121/1         预约/预借

序号 登录号 条形码 馆藏地/架位号 状态 备注
1 0034639   000627851   第三借阅区/ [索取号:P121/1] 在馆    
2 0034640   000627842   第二样本阅览室/ [索取号:P121/1] 在馆    
唐山师范学院图书馆 欢迎您!
大连网信软件有限公司© 版权所有